00305nam a2200109Ia 4500008004100000041000800041082001600049100002600065245005000091260003600141300001800177240719s9999 xx 000 0 und d aeng a294.592 BAD aBadrinath, Chaturvedi aMahabharata An Inquiry In The Human Condition aNew DelhibOrient Longmanc2013 a683.; P 24 Cm